The history of photography from the earliest use of the camera obscura in the eleventh century up to 1914

Gespeichert in:
Bibliographische Detailangaben
1. Verfasser: Gernsheim, Helmut
Format: Buch
Sprache:Undetermined
Veröffentlicht: London Geoffrey Cumberlege 1955
Schlagworte:
Tags: Tag hinzufügen
Keine Tags, Fügen Sie den ersten Tag hinzu!
Thư viện lưu trữ: Trung tâm Học liệu Trường Đại học Cần Thơ
LEADER 00603nam a2200193Ia 4500
001 CTU_104554
008 210402s9999 xx 000 0 und d
082 |a 770.9 
082 |b G376 
100 |a Gernsheim, Helmut 
245 4 |a The history of photography from the earliest use of the camera obscura in the eleventh century up to 1914 
245 0 |c Helmut Gernsheim 
260 |a London 
260 |b Geoffrey Cumberlege 
260 |c 1955 
650 |a Photography,Máy chụp ảnh 
650 |x History,Lịch sử 
904 |i Truc 
980 |a Trung tâm Học liệu Trường Đại học Cần Thơ